KOHA-Header-6

InSide Baluchistan (Record no. 1245)

000 -LEADER
fixed length control field 00301nam a2200121Ia 4500
008 - FIXED-LENGTH DATA ELEMENTS--GENERAL INFORMATION
fixed length control field 190723s9999 xx 000 0 und d
020 ## - INTERNATIONAL STANDARD BOOK NUMBER
International Standard Book Number 978-969-407-380-4
100 ## - MAIN ENTRY--PERSONAL NAME
Personal name Mir Ahmed Yar Khan Baluch
245 #0 - TITLE STATEMENT
Title InSide Baluchistan
260 ## - PUBLICATION, DISTRIBUTION, ETC. (IMPRINT)
Place of publication, distribution, etc Karachi
Name of publisher, distributor, etc Royal Book
Date of publication, distribution, etc 2011
300 ## - PHYSICAL DESCRIPTION
Extent 120
942 ## - ADDED ENTRY ELEMENTS (KOHA)
Koha item type Books
Holdings
Withdrawn status Lost status Damaged status Not for loan Collection code Permanent Location Current Location Shelving location Date acquired Full call number Barcode Date last seen Price effective from Koha item type
        English Literature MAJU MAJU Shelf No.A15 2019-07-23 957.904 7870 2019-07-23 2019-07-23 English Literature

Powered by Koha